[Event "Ruhrgebiet Verbandsklasse Gruppe 2 1415"]
[Site "Germany"]
[Date "2014.10.19"]
[Round "2.7"]
[White "Euting, Werner"]
[Black "Tenschert, Hartmut"]
[Result "0-1"]
[WhiteElo "1675"]
[BlackElo "1758"]
[PlyCount "56"]
[EventDate "2014.09.21"]
[EventType "team-tourn"]
[EventRounds "9"]
[EventCountry "GER"]
[SourceTitle "EXT 2022"]
[Source "ChessBase"]
[SourceDate "2021.10.06"]
[SourceVersion "1"]
[SourceVersionDate "2021.10.06"]
[SourceQuality "1"]
[WhiteTeam "Borbeck Weisse Dame II"]
[BlackTeam "Castrop Rauxel II"]
[WhiteTeamCountry "GER"]
[BlackTeamCountry "GER"]

1. d4 Nf6 2. Bf4 d5 3. e3 g6 4. Nd2 Bg7 5. Ngf3 0-0 6. h3 c5 7. c3 cxd4 8. cxd4 Nc6 9. a3 Nd7 10. Be2 e5 11. dxe5 Ndxe5 12. Nd4 Nxd4 13. exd4 Nc6 14. Nf3 Qb6 15. Qd2 Nxd4 16. Nxd4 Qxd4 17. Qxd4 Bxd4 18. 0-0-0 Bxf2 19. Rxd5 Be6 20. Rd6 Rac8+ 21. Kd2 Bc5 22. Rd3 Bc4 23. Rd7 Rfd8 24. Bxc4 Rxd7+ 25. Kc3 Bf8 26. a4 Bg7+ 27. Kb3 Rxc4 28. Kxc4 Rd4+ 0-1

[Event "Oberhausen op 11th"]
[Site "Oberhausen"]
[Date "2006.04.13"]
[Round "1.9"]
[White "Racherbaeumer, Marcel"]
[Black "Euting, Werner"]
[Result "1-0"]
[WhiteElo "2239"]
[BlackElo "1775"]
[PlyCount "71"]
[EventDate "2006.04.13"]
[EventType "swiss"]
[EventRounds "7"]
[EventCountry "GER"]
[SourceTitle "CBM 111 Extra"]
[Source "ChessBase"]
[SourceDate "2006.05.09"]
[SourceVersion "1"]
[SourceVersionDate "2006.05.09"]
[SourceQuality "1"]

1. e4 c5 2. Nf3 e6 3. d3 Nc6 4. g3 g6 5. d4 cxd4 6. Nxd4 Bg7 7. Nb5 d5 8. exd5 exd5 9. Bf4 Bxb2 10. Nd2 Qe7+ 11. Be2 Be5 12. Bxe5 Nxe5 13. 0-0 Nf6 14. c4 Be6 15. cxd5 Bxd5 16. Rc1 0-0 17. Nc7 Rad8 18. Nxd5 Rxd5 19. Qc2 Rfd8 20. Nb3 b6 21. Rfe1 Qd7 22. Qc3 Qf5 23. f4 Nd3 24. Bxd3 Rxd3 25. Qc4 Qh3 26. Qc6 Ng4 27. Qg2 Qh6 28. Rc7 Rd1 29. Rce7 Qf8 30. Qb7 Nf6 31. Qxa7 Ng4 32. h3 Nf6 33. Qb7 Rxe1+ 34. Rxe1 Qb4 35. Qe7 Rd7 36. Qxb4 1-0

[Event "Ruhrgebiet VK3 0405"]
[Site "Ruhrgebiet"]
[Date "2005.02.20"]
[Round "7.6"]
[White "Euting, Werner"]
[Black "Schriewer, Thomas"]
[Result "1/2-1/2"]
[WhiteElo "1842"]
[BlackElo "1849"]
[PlyCount "50"]
[EventDate "2004.09.12"]
[EventType "team-tourn"]
[EventRounds "9"]
[EventCountry "GER"]
[SourceTitle "EXT 2006"]
[Source "ChessBase"]
[SourceDate "2005.11.24"]
[SourceVersion "1"]
[SourceVersionDate "2005.11.24"]
[SourceQuality "1"]
[WhiteTeam "Essen Borbeck II"]
[BlackTeam "Herne Sodingen II"]
[WhiteTeamCountry "GER"]
[BlackTeamCountry "GER"]

1. d4 d5 2. Nf3 Nf6 3. Bf4 e6 4. e3 c6 5. c3 Bd6 6. Bg3 Qe7 7. Nbd2 Nbd7 8. Bd3 e5 9. dxe5 Nxe5 10. Nxe5 Bxe5 11. Nf3 Bd6 12. Qc2 Bg4 13. 0-0-0 Bxg3 14. hxg3 Ne4 15. Rh4 Bf5 16. Nd4 Bg6 17. Bxe4 Bxe4 18. Qe2 0-0-0 19. Qg4+ Kb8 20. Qf4+ Ka8 21. Rh5 Rhe8 22. Nf3 Bg6 23. Re5 Qc5 24. Rxe8 Rxe8 25. Ne5 Qe7 1/2-1/2

[Event "Ruhrgebiet VK3 0405"]
[Site "Ruhrgebiet"]
[Date "2004.11.28"]
[Round "4.6"]
[White "Butschek, Tanja"]
[Black "Euting, Werner"]
[Result "1/2-1/2"]
[WhiteElo "1854"]
[BlackElo "1842"]
[PlyCount "89"]
[EventDate "2004.09.12"]
[EventType "team-tourn"]
[EventRounds "9"]
[EventCountry "GER"]
[SourceTitle "EXT 2006"]
[Source "ChessBase"]
[SourceDate "2005.11.24"]
[SourceVersion "1"]
[SourceVersionDate "2005.11.24"]
[SourceQuality "1"]
[WhiteTeam "Katernberg III"]
[BlackTeam "Essen Borbeck II"]
[WhiteTeamCountry "GER"]
[BlackTeamCountry "GER"]

1. e4 c5 2. Nf3 e6 3. d4 cxd4 4. Nxd4 a6 5. Bd3 Qc7 6. Nc3 Nf6 7. Qe2 b5 8. a3 Bb7 9. Bg5 d6 10. f4 Nbd7 11. Nf3 Rc8 12. Rd1 h5 13. h3 Be7 14. 0-0 b4 15. axb4 Qb6+ 16. Rf2 Qxb4 17. Bxa6 Nc5 18. Qb5+ Qxb5 19. Bxb5+ Kf8 20. e5 dxe5 21. Nxe5 Nce4 22. Nxe4 Bxe4 23. Rfd2 Bc5+ 24. Kf1 Nd5 25. Ke2 f6 26. Nd7+ Kf7 27. c4 fxg5 28. cxd5 exd5 29. fxg5 Bxg2 30. Ne5+ Ke6 31. Ng6 Rhf8 32. Nxf8+ Rxf8 33. Kd3 Be4+ 34. Kc3 Rf3+ 35. Bd3 Rxh3 36. Kc2 Bb4 37. Re2 Kf5 38. Bxe4+ dxe4 39. Rd5+ Kf4 40. g6 Kf3 41. Rd4 Kxe2 42. Rxe4+ Kf3 43. Rxb4 Rh2+ 44. Kd3 Rg2 45. Rb5 1/2-1/2

[Event "Ruhrgebiet VK3 0405"]
[Site "Ruhrgebiet"]
[Date "2004.10.10"]
[Round "2.5"]
[White "Euting, Werner"]
[Black "Brockmann, Fabian"]
[Result "0-1"]
[WhiteElo "1842"]
[BlackElo "1970"]
[PlyCount "126"]
[EventDate "2004.09.12"]
[EventType "team-tourn"]
[EventRounds "9"]
[EventCountry "GER"]
[SourceTitle "EXT 2006"]
[Source "ChessBase"]
[SourceDate "2005.11.24"]
[SourceVersion "1"]
[SourceVersionDate "2005.11.24"]
[SourceQuality "1"]
[WhiteTeam "Essen Borbeck II"]
[BlackTeam "Dortmund Hansa III"]
[WhiteTeamCountry "GER"]
[BlackTeamCountry "GER"]

1. d4 Nf6 2. Nf3 c5 3. d5 b5 4. e3 Bb7 5. c4 g6 6. Be2 Bg7 7. 0-0 0-0 8. a4 bxc4 9. Bxc4 a5 10. Nc3 d6 11. Qb3 Qc7 12. Re1 Nbd7 13. Nb5 Qb8 14. e4 Ng4 15. Bg5 Re8 16. Rad1 Ba6 17. Bd2 Nge5 18. Nxe5 Nxe5 19. Bc3 Nxc4 20. Qxc4 Bxb5 21. axb5 Qb6 22. Bxg7 Kxg7 23. e5 Rab8 24. Re3 dxe5 25. Rxe5 Qxb5 26. Qxb5 Rxb5 27. d6 e6 28. f4 Rd8 29. Rd2 Kf8 30. Rc2 Rxd6 31. Rexc5 Rdb6 32. h3 Ke7 33. Rc7+ Kf6 34. Ra7 Rb7 35. Rxb7 Rxb7 36. Rc5 Ra7 37. Kf2 Ke7 38. Rb5 Kd6 39. Ke3 Kc6 40. Rb3 Rb7 41. Rc3+ Kd5 42. b3 Rb4 43. g3 Re4+ 44. Kd3 Re1 45. Rc7 Rg1 46. Rd7+ Kc5 47. Rc7+ Kb4 48. Rb7+ Ka3 49. Kc4 Rxg3 50. Rxf7 Rxb3 51. Rxh7 Rb4+ 52. Kc5 Rxf4 53. Kd6 Re4 54. Rg7 Kb3 55. Rxg6 a4 56. Rg3+ Kb4 57. Rg8 a3 58. Rb8+ Kc3 59. Rc8+ Kb3 60. Rb8+ Rb4 61. Ra8 Ra4 62. Rb8+ Kc2 63. Rc8+ Kd2 0-1

[Event "Ruhrgebiet VK2 0304"]
[Site "Ruhrgebiet"]
[Date "2004.02.29"]
[Round "7.4"]
[White "Euting, Werner"]
[Black "Bischof, Rainer"]
[Result "1/2-1/2"]
[WhiteElo "1799"]
[BlackElo "1871"]
[PlyCount "58"]
[EventDate "2003.09.28"]
[EventType "team-tourn"]
[EventRounds "9"]
[EventCountry "GER"]
[SourceTitle "EXT 2007"]
[Source "ChessBase"]
[SourceDate "2006.11.23"]
[SourceVersion "1"]
[SourceVersionDate "2006.11.23"]
[SourceQuality "1"]
[WhiteTeam "Essen Borbeck II"]
[BlackTeam "Erkenschwick II"]
[WhiteTeamCountry "GER"]
[BlackTeamCountry "GER"]

1. d4 d5 2. Bf4 Nf6 3. Nf3 e6 4. e3 Be7 5. Bd3 c5 6. c3 Nbd7 7. Nbd2 b6 8. a4 Bb7 9. a5 0-0 10. Ne5 a6 11. Nxd7 Qxd7 12. axb6 Qc6 13. Nf3 Qxb6 14. 0-0 a5 15. dxc5 Qxc5 16. Qe2 Rfd8 17. Be5 Nd7 18. Bd4 Qd6 19. Bb5 Bc6 20. Bxc6 Qxc6 21. Ne5 Nxe5 22. Bxe5 Bd6 23. Bxd6 Rxd6 24. Ra3 Qb7 25. Rfa1 Rda6 26. Qc2 g6 27. b3 Qc6 28. h3 Qb5 29. c4 dxc4 1/2-1/2

[Event "Ruhrgebiet VK2 0304"]
[Site "Ruhrgebiet"]
[Date "2003.11.09"]
[Round "3.4"]
[White "Roitburd, Talic"]
[Black "Euting, Werner"]
[Result "1-0"]
[WhiteElo "2090"]
[BlackElo "1799"]
[PlyCount "65"]
[EventDate "2003.09.28"]
[EventType "team-tourn"]
[EventRounds "9"]
[EventCountry "GER"]
[SourceTitle "EXT 2007"]
[Source "ChessBase"]
[SourceDate "2006.11.23"]
[SourceVersion "1"]
[SourceVersionDate "2006.11.23"]
[SourceQuality "1"]
[WhiteTeam "Muelheim Nord III"]
[BlackTeam "Essen Borbeck II"]
[WhiteTeamCountry "GER"]
[BlackTeamCountry "GER"]

1. e4 e6 2. d3 d5 3. Nd2 Nf6 4. Ngf3 c5 5. g3 Nc6 6. Bg2 Be7 7. 0-0 0-0 8. e5 Nd7 9. Re1 Qc7 10. Qe2 b5 11. Nf1 a5 12. h4 Ba6 13. Bf4 Rfe8 14. N1h2 b4 15. h5 c4 16. Qd2 cxd3 17. cxd3 Nc5 18. Bf1 Rac8 19. Ng4 Qb6 20. Bg5 Qb7 21. Rac1 a4 22. Bf6 Nxe5 23. Bxe5 f6 24. Bd4 e5 25. Bxc5 Bxc5 26. d4 Bxf1 27. Rxf1 e4 28. Nh4 Qd7 29. Ne3 Bd6 30. Kg2 b3 31. axb3 axb3 32. Qa5 Bc7 33. Qxd5+ 1-0

[Event "Oberliga NRW 9900 I"]
[Site "Germany"]
[Date "2000.05.11"]
[Round "9.7"]
[White "Euting, Werner"]
[Black "Raub, Hermann"]
[Result "1-0"]
[WhiteElo "1763"]
[BlackElo "1640"]
[PlyCount "45"]
[EventDate "1999.10.26"]
[EventType "team"]
[EventRounds "9"]
[EventCountry "GER"]
[SourceTitle "EXT 2001"]
[Source "ChessBase"]
[SourceDate "2000.11.22"]
[SourceVersion "1"]
[SourceVersionDate "2000.11.22"]
[SourceQuality "1"]
[WhiteTeam "Essen Borbeck"]
[BlackTeam "Uebach Palenberg"]
[WhiteTeamCountry "GER"]
[BlackTeamCountry "GER"]

1. d4 Nf6 2. Bf4 d5 3. e3 g6 4. Nf3 Bg7 5. c3 0-0 6. Nbd2 Re8 7. h3 Nbd7 8. Be2 a6 9. 0-0 c5 10. a4 cxd4 11. cxd4 Nh5 12. Bh2 f5 13. Rc1 e6 14. b4 Nhf6 15. Qb3 Ne4 16. Rc2 g5 17. Nxe4 fxe4 18. Ne5 Nxe5 19. Bxe5 Bxe5 20. dxe5 Re7 21. Rfc1 Bd7 22. Rc7 Bc6 23. R1xc6 1-0